INTERNET SOCIAL MEDIA AND A CHANGING CHI (Record no. 32293)

MARC details
000 -LEADER
fixed length control field 00370nam a2200133Ia 4500
008 - FIXED-LENGTH DATA ELEMENTS--GENERAL INFORMATION
fixed length control field 240624s9999 xx 000 0 und d
041 ## - LANGUAGE CODE
Language code of text/sound track or separate title eng
082 ## - DEWEY DECIMAL CLASSIFICATION NUMBER
Classification number 302.23 DEL
100 ## - MAIN ENTRY--PERSONAL NAME
Personal name DELISLE JACQUES
245 ## - TITLE STATEMENT
Title INTERNET SOCIAL MEDIA AND A CHANGING CHI
260 ## - PUBLICATION, DISTRIBUTION, ETC.
Date of publication, distribution, etc. 2016
Place of publication, distribution, etc. Philadelphia
Name of publisher, distributor, etc. University of Pennsylvania Press
300 ## - PHYSICAL DESCRIPTION
Extent vi, 284 p.; 23 cm.
365 ## - TRADE PRICE
Currency code
Price amount 33
Holdings
Withdrawn status Lost status Damaged status Not for loan Home library Current library Shelving location Date acquired Full call number Barcode Date last seen Copy number Price effective from Koha item type
        IMTN IMTN Rack 5-A 07/02/2020 302.23 DEL 32293 06/24/2024 75 06/24/2024 Books
Designed & Maintained by: LRC IMT Nagpur Contact: lrc@imtnag.ac.in© 2024. All Rights Reserved.